00373 2200157 4500001002100000008004100021035002000062245003700082100001500119250000600134260003100140084001400171082000800185650001000193990001200203INLIS000000000001510 ind  a0010-0125000008 aHafalan Sholat DelisacTere Liye aLiye, Tere a1 aJakarta :bRepublikac2012 a813 TER h a813 aFiksi a0714933